[Event "Las Vegas Festival 2017"]
[Site "Las Vegas"]
[Date "2017.06.16"]
[Round "2"]
[White "Kiewra, Keaton F"]
[Black "Atoufi, Pedram"]
[Result "1/2-1/2"]
[WhiteElo "2429"]
[BlackElo "2281"]
[Annotator "TA"]
[PlyCount "107"]
[EventDate "2017.??.??"]
[EventType "swiss"]
[EventCountry "USA"]
[SourceTitle "playchess.com"]
[Source "ChessBase"]
[SourceQuality "1"]

{[%evp 18,107,33,-17,16,-19,0,0,-7,-7,11,4,21,20,21,0,37,43,43,25,33,40,35,29,34,24,50,49,51,43,70,70,70,76,71,48,58,56,75,37,55,48,61,16,83,6,9,31,54,16,15,0,0,0,10,0,0,0,0,0,0,0,0,0,74,54,111,112,92,90,96,0,17,22,21,24,31,0,0,0,0,0,0,0,0,0,0,0,0,0,0,0]} 1. d4 Nf6 2. Bg5 Ne4 3. Bf4 d6 4. f3 Nf6 5. Nc3 Nbd7 6. e4 e5 7. Be3 c6 8. Qd2 Be7 9. Nge2 O-O 10. g4 b5 {B07: Pirc Defence: Miscellaneous Systems} 11. Ng3 (11. g5 Ne8 12. f4 b4 13. Nd1 exf4 14. Bxf4 d5 15. exd5 cxd5 {1-0 (55) Ponkratov,P (2624)-Goganov,A (2609) Khanty-Mansiysk 2014}) 11... exd4 12. Bxd4 b4 13. Nd1 Ne5 14. Be2 c5 15. Bxe5 dxe5 16. Qxd8 Bxd8 $146 (16... Rxd8 {looks sharper.} 17. Ne3 Be6 18. h4 Nd7 19. Ngf5 Bf8) ({Predecessor:} 16... Rxd8 17. Ne3 a5 18. Nc4 {1-0 (93) Athanasiadis,M (2025)-Bognar,C (2217) Chalkidiki 2016}) 17. Ne3 Ne8 {[%cal Bf6e8,Be8c7,Bc7e6,Be6d4][%mdl 32]} 18. Bc4 Nc7 19. h4 Ne6 20. Kf2 Nd4 21. g5 Kh8 22. c3 Ne6 23. Ngf5 Nf4 24. Nd6 $1 {[%cal Rd6f7]} Be6 25. Bxe6 Nxe6 26. Ndc4 f6 27. gxf6 Bxf6 28. Rad1 Rad8 29. Rxd8 Rxd8 30. Nd5 h5 (30... Nf4 $11 {remains equal.}) 31. Kg3 (31. cxb4 $16 {With the idea b5.} cxb4 32. Nxb4) 31... bxc3 $11 32. bxc3 Nf8 33. Rb1 {Black should prevent Nce3.} Ng6 34. Nxf6 gxf6 {[%mdl 4096] Endgame KRN-KRN} 35. Rb7 Nf4 36. Kf2 Rd3 37. Rxa7 Nh3+ 38. Ke1 Rxc3 39. Nb6 Rxf3 40. a4 f5 (40... Nf2 $11 {keeps the balance.}) 41. exf5 $16 {Strongly threatening a5.} e4 $1 42. a5 {Threatens to win with Re7.} Nf4 {[#]} 43. Re7 $1 {Black must now prevent a6.} e3 {[#]} 44. a6 (44. Nd7 $1 $16 {[%cal Rd7f6] Intending Nf6 and mate.} Rh3 45. Kd1 e2+ 46. Kc2) 44... Ng2+ 45. Ke2 Rf2+ 46. Kd3 Ra2 $1 {aiming for ...e2.} 47. a7 e2 {The position is equal.} 48. Rxe2 Nf4+ 49. Ke4 Nxe2 50. a8=Q+ Rxa8 51. Nxa8 c4 52. Nb6 Ng3+ 53. Kd4 Nxf5+ 54. Ke4 {Precision: White = 53%, Black = 68%.} 1/2-1/2

[Event "Las Vegas Festival 2017"]
[Site "Las Vegas"]
[Date "2017.06.16"]
[Round "2"]
[White "Schmakel, Sam A"]
[Black "Asaria, Danial"]
[Result "1-0"]
[WhiteElo "2344"]
[BlackElo "2243"]
[Annotator "TA"]
[PlyCount "63"]
[EventDate "2017.??.??"]
[EventType "swiss"]
[EventCountry "USA"]
[SourceTitle "playchess.com"]
[Source "ChessBase"]
[SourceQuality "1"]

{[%evp 11,63,17,39,28,27,15,34,32,34,63,118,102,110,84,96,113,453,447,652,646,624,295,286,302,293,211,192,201,302,290,277,178,532,528,622,623,616,520,802,593,579,579,580,575,785,785,779,775,770,754,764,739,854,845]} 1. e4 c5 2. Nf3 d6 3. d4 cxd4 4. Nxd4 Nf6 5. Nc3 a6 6. Bg5 Nbd7 7. Qe2 {B94: Sicilian Najdorf: 6 Bg5 Nbd7} (7. Bc4 Qb6 8. O-O Qc5 9. Bd5 e6 10. Re1 Be7 11. Be3 Qa5 12. Bxe6 fxe6 13. Nxe6 Nc5 14. b4 Qxb4 15. Nc7+ {1-0 (53) Wei,Y (2706)-Van Wely,L (2695) Wijk aan Zee 2017}) 7... Qc7 8. O-O-O h6 9. Bh4 {White is slightly better.} b5 10. f4 e5 {[#]} (10... b4 $14 11. Nd5 Nxd5 12. exd5 Bb7) 11. Nd5 $1 $16 {[%cal Rd5c7]} Nxd5 12. Ne6 $146 ({Predecessor:} 12. exd5 Bb7 13. Ne6 Qb8 14. Qg4 g6 {1-0 (27) Levrand,R (2097)-Koci,V (1636) Marianske Lazne 2016}) 12... Qa5 13. exd5 $40 {[%mdl 128] White wants a kill.} Bb7 $2 {[%mdl 8192]} (13... g5 $16 {is a better chance.}) 14. Qe1 $18 Qb6 (14... b4 $142 15. Qxb4 Qb6 16. Qxb6 Nxb6) 15. Bf2 Nc5 16. Nxf8 (16. Nxc5 $142 {Hoping for Ne6.} dxc5 17. Qxe5+ Kd8 18. d6) 16... Qc7 17. fxe5 Kxf8 18. exd6 Qxd6 19. Bg3 Qg6 (19... Qe7 $142 20. Qxe7+ Kxe7) 20. Qb4 Rc8 21. Bd3 Qb6 $2 (21... Qg5+ {is tougher.} 22. Bf4 Qf6) 22. Bf5 {White is clearly winning.} a5 23. Qf4 Rd8 24. Qc7 Na4 (24... Qxc7 $142 25. Bxc7 Ke7 26. d6+ Kf6) 25. Qxb6 Nxb6 26. Bc7 Rxd5 27. Bxb6 Rxd1+ 28. Rxd1 {Threatening mate with Bc5+.} Ke7 29. Rd7+ Kf6 30. Rxb7 Kxf5 31. Rxf7+ Kg6 {[#]} 32. Rxg7+ $3 {Precision: White = 78%, Black = 24%.} 1-0

[Event "Las Vegas Festival 2017"]
[Site "Las Vegas"]
[Date "2017.06.16"]
[Round "2"]
[White "Lu, Albert"]
[Black "Vorontsov, Pavlo"]
[Result "1/2-1/2"]
[WhiteElo "2313"]
[BlackElo "2492"]
[Annotator "TA"]
[PlyCount "78"]
[EventDate "2017.??.??"]
[EventType "swiss"]
[EventCountry "USA"]
[SourceTitle "playchess.com"]
[Source "ChessBase"]
[SourceQuality "1"]

{[%evp 12,78,33,24,22,28,37,28,35,25,47,43,48,20,33,26,34,22,38,17,24,14,20,0,0,0,2,0,4,21,37,21,52,53,49,53,118,123,135,131,154,141,172,137,196,180,148,-21,0,0,0,0,0,0,0,0,0,0,0,0,0,0,0,0,0,0,0,0,0]} 1. d4 g6 2. c4 Bg7 3. Nf3 Nf6 4. Nc3 O-O 5. Bg5 d6 6. e3 Bf5 7. Bd3 Bxd3 {E61: King's Indian: Early deviations for White, including Smyslov System} 8. Qxd3 Nbd7 9. O-O h6 {White has an edge.} 10. Bh4 g5 11. Bg3 Nh5 12. Rfd1 $146 ({Predecessor:} 12. Rad1 e6 13. d5 Qe7 14. Nd4 a6 15. Qe2 Nxg3 16. hxg3 {1-0 (36) Kramnik,V (2812)-Caruana,F (2804) Leuven 2016}) 12... c5 13. Rac1 Rc8 14. b3 a6 15. Qe2 Ndf6 16. dxc5 Rxc5 17. Na4 Nxg3 18. hxg3 Rc8 19. Nd4 Qa5 20. Qf3 $36 {[%mdl 2048] White has good play.} b5 21. cxb5 Rxc1 22. Rxc1 {b6 is the strong threat.} axb5 23. Nc3 $1 e6 (23... Rc8 $1 $14 24. Ndxb5 Rc5) 24. Ndxb5 $16 d5 25. a4 Nd7 {[%cal Bf6d7,Bd7e5,Be5d3][%mdl 32] [#]} 26. Qd1 $1 Ne5 27. Na2 h5 (27... Rb8 $16) 28. b4 ({Weaker is} 28. Qxh5 Qd2 $15) 28... Qa6 29. Qxh5 $2 (29. Nd4 $16) 29... Nd3 {The position is equal.} 30. Rf1 {And now Qe2 would win.} Qxa4 31. Nbc3 Qc2 32. Qxg5 Ra8 33. Qg4 Rxa2 34. Nxa2 Qxa2 35. Qg5 Qb2 36. Qd8+ Bf8 37. Qg5+ Bg7 38. Qd8+ Bf8 39. Qg5+ Bg7 {Precision: White = 58%, Black = 44%.} 1/2-1/2

[Event "Las Vegas Festival 2017"]
[Site "Las Vegas"]
[Date "2017.06.16"]
[Round "2"]
[White "Feng, Maggie"]
[Black "Li, Ruifeng"]
[Result "1/2-1/2"]
[WhiteElo "2298"]
[BlackElo "2571"]
[Annotator "TA"]
[PlyCount "95"]
[EventDate "2017.??.??"]
[EventType "swiss"]
[EventCountry "USA"]
[SourceTitle "playchess.com"]
[Source "ChessBase"]
[SourceQuality "1"]

{[%evp 14,95,-11,-11,47,36,52,41,42,33,47,27,63,57,65,66,61,28,41,33,34,30,30,31,26,13,17,21,17,20,31,6,10,21,14,0,0,0,0,0,0,13,38,19,34,34,33,31,102,87,95,88,57,80,83,55,112,112,112,120,122,119,113,112,132,131,123,112,122,86,89,89,90,90,89,70,74,70,122,81,81,0,112,0]} 1. Nf3 b6 2. d4 {[%cal Bd2d4,Bd4d5][%mdl 32]} Bb7 3. c4 e6 4. a3 Nf6 5. Nc3 g6 6. d5 Bg7 7. g3 O-O 8. Bg2 c5 {E12: Queen's Indian: Unusual White 4th moves, 4 a3, 4 Nc3 Bb7 5 a3 and 4 Nc3 Bb7} (8... exd5 $11 9. cxd5 Na6) (8... exd5 9. cxd5 c6 10. O-O cxd5 11. Bg5 Na6 12. Rc1 Nc7 13. Qd2 Ne6 14. Bh6 Bxh6 15. Qxh6 Rc8 16. Rfd1 Rc5 17. Nd4 Qe7 {0-1 (29) Georgiev,K (2636)-Vallejo Pons,F (2706) Khanty-Mansiysk 2013}) 9. O-O $14 exd5 10. cxd5 d6 {White is slightly better.} 11. Nd2 $146 ({Predecessor:} 11. Rb1 Nbd7 12. b4 Ne8 13. Bb2 Nc7 14. bxc5 bxc5 15. e4 Ba6 16. Re1 Rb8 17. Qc2 {½-½ (33) Camarena Gimenez,R (2402)-Vassallo Barroche,M (2409) Mislata 2010}) 11... Qe7 12. a4 Na6 13. Nc4 Nb4 14. Bf4 Rfd8 15. Re1 Ng4 16. e4 Ne5 17. Nxe5 Bxe5 18. Bxe5 Qxe5 19. Qd2 Qd4 20. Rad1 Qxd2 21. Rxd2 Ba6 22. Bf1 Bxf1 23. Kxf1 Rd7 24. Ra1 a6 25. f4 Re8 26. Kg2 f5 27. Re1 fxe4 28. Rxe4 Kf7 29. Kf3 Rxe4 30. Nxe4 {[%mdl 4096] Endgame KRN-KRN} c4 (30... b5 $14) 31. Ke3 $16 b5 32. axb5 axb5 33. Kd4 Nd3 34. Rc2 ({Of course not} 34. b3 $6 Nc1 $11) 34... Ke7 {[#]} ({Black should play} 34... Kg7 $14) 35. Nc3 $1 {[%cal Rc3b5]} Rb7 {[#]} 36. Nxb5 $1 {[%mdl 512]} Rxb5 37. Kxc4 Rxb2 38. Kxd3 {KR-KR} Rb7 39. Re2+ Kd7 40. Ke4 Rb4+ 41. Ke3 Rb3+ 42. Kd4 Ra3 43. Rb2 {Threatens to win with Rb7+.} Kc7 44. Rc2+ Kd7 45. Ke4 Ra4+ (45... h5 $14) 46. Ke3 Ra3+ 47. Ke4 Ra4+ {[#]} 48. Ke3 {Precision: White = 62%, Black = 60%.} (48. Kf3 $1 $16) 1/2-1/2

[Event "Las Vegas Festival 2017"]
[Site "Las Vegas"]
[Date "2017.06.16"]
[Round "2"]
[White "He, Anthony B"]
[Black "Kolev, Atanas"]
[Result "1/2-1/2"]
[WhiteElo "2295"]
[BlackElo "2572"]
[Annotator "TA"]
[PlyCount "76"]
[EventDate "2017.??.??"]
[EventType "swiss"]
[EventCountry "USA"]
[SourceTitle "playchess.com"]
[Source "ChessBase"]
[SourceQuality "1"]

{[%evp 14,76,21,5,10,11,30,33,24,0,3,-17,-14,-50,-58,-43,0,0,0,0,23,-16,-20,-14,-19,-40,-17,-23,-22,-19,0,0,5,0,0,0,0,0,20,27,18,23,25,0,0,0,47,47,46,70,61,12,9,10,14,13,10,0,2,0,17,0,0,0,12]} 1. e4 e5 2. Nf3 Nc6 3. Bc4 Bc5 4. c3 Nf6 5. d3 a6 6. Bb3 d6 {[%cal Bd7d6,Bd6d5][%mdl 32]} 7. Nbd2 {[%cal Bb1d2,Bd2f1,Bf1g3][%mdl 32]} Ba7 8. Nf1 h6 {C54: Giuoco Piano: 4 c3 Nf6, main lines with 5 d4 and 5 d3} (8... O-O 9. h3 Re8 10. Qe2 Be6 11. Bc2 b5 12. Ng5 Bc8 13. g4 b4 14. Bb3 Rf8 15. Ng3 bxc3 16. bxc3 Na5 17. Bc2 {1-0 (40) Duda,J (2693)-Sychev,K (2459) Minsk 2017}) 9. Ng3 Be6 10. O-O O-O {White is slightly better.} 11. Bc2 d5 12. d4 $146 ({Predecessor:} 12. Qe2 Re8 13. h3 b5 14. Rd1 dxe4 15. dxe4 Qc8 16. Bb3 Bc5 17. Bxe6 Qxe6 18. b4 {0-1 (49) Piscopo,P (2383)-Flear,G (2459) Calvi 2012}) 12... dxe4 13. Nxe5 Nxe5 14. dxe5 {[#] Qxd8 is the strong threat.} Qxd1 15. Rxd1 Ng4 16. Nxe4 Bf5 {Strongly threatening ...Bxe4.} 17. Rf1 (17. Nf6+ $5 gxf6 18. Bxf5 Nxf2 19. Rd7 $14) 17... Rfe8 18. Bf4 Bg6 19. Rad1 Nxe5 20. Rfe1 Ng4 21. Bg3 Re7 22. h3 Ne5 {[%cal Bg4e5,Be5c4,Bc4a3][%mdl 32]} 23. Bh4 Ree8 24. Kf1 Nc4 25. b3 Na3 (25... Ne3+ {keeps more tension.} 26. fxe3 Bxe4 27. Bxe4 Rxe4 28. Bd8 Bb6) 26. Bd3 Nb5 27. c4 Nd4 28. Nc3 Bxd3+ 29. Rxd3 Nf5 30. Rxe8+ Rxe8 31. Bd8 c6 $1 32. Bc7 Nd4 {The position is equal.} 33. Bf4 b5 34. cxb5 axb5 35. Be3 Nc2 $1 {[%cal Rc2e3]} 36. Bd2 Nd4 37. Be3 Nc2 $1 {[%cal Rc2e3]} 38. Bd2 Nd4 {Precision: White = 52%, Black = 63%.} 1/2-1/2

[Event "Las Vegas Festival 2017"]
[Site "Las Vegas"]
[Date "2017.06.16"]
[Round "2"]
[White "Findlay, Ian T"]
[Black "Nyzhnyk, Illya"]
[Result "0-1"]
[WhiteElo "2239"]
[BlackElo "2612"]
[Annotator "TA"]
[PlyCount "116"]
[EventDate "2017.??.??"]
[EventType "swiss"]
[EventCountry "USA"]
[SourceTitle "playchess.com"]
[Source "ChessBase"]
[SourceQuality "1"]

{[%evp 10,116,12,12,21,14,14,14,14,14,26,18,21,0,6,0,0,-12,0,-21,-9,-28,-30,-31,-19,-37,0,-23,-22,-23,-27,-26,-18,-18,-15,-34,-14,-41,-29,-44,-45,-47,-46,-64,-44,-45,-47,-42,-37,-42,-33,-57,-54,-61,-59,-61,-66,-61,-55,-67,-73,-77,0,-49,-40,-21,-19,-58,-54,-53,-54,-55,-39,-46,-49,-114,-115,-88,-65,-68,-20,-92,-52,-82,-36,-169,-176,-133,-82,-93,-77,-77,-8,-74,-8,-8,-8,-8,-8,-2007,-1952,-1199,-1511,-4618,-4618,-4614,-4614,-4614,-4610]} 1. e4 e6 2. d4 d5 3. Nd2 c5 4. exd5 Qxd5 5. Ngf3 cxd4 6. Bc4 Qd7 {C07: French Tarrasch: 3...c5, 4 Ngf3 and 4 exd5 Qxd5} (6... Qd6 7. O-O Nf6 8. Nb3 Nc6 9. Nbxd4 Nxd4 10. Qxd4 Qxd4 11. Nxd4 Bd7 12. Be2 Bc5 13. Rd1 Rc8 14. c4 O-O 15. Be3 e5 16. Nc2 Bf5 17. Bxc5 Rxc5 18. Ne3 Be6 19. b4 Rc7 20. c5 Ne4 21. Rac1 Rfc8 22. Bf3 Nf6 23. Bd5 Nxd5 24. Nxd5 Bxd5 25. Rxd5 f6 26. Rcd1 {½-½ (26) Anand,V (2786)-So,W (2812) Stavanger 2017}) 7. O-O Nc6 8. Nb3 Nf6 {The position is equal.} 9. Nbxd4 Nxd4 10. Nxd4 {Hoping for Bb5.} a6 11. Re1 b5 12. Be2 Bb7 13. Bf3 Rd8 {aiming for ...Bxf3.} 14. Bxb7 (14. Qe2 {keeps more tension.} Bc5 15. Bxb7 Qxb7 16. Nb3 Be7 17. Bf4) 14... Qxb7 15. Qf3 $146 Qxf3 16. Nxf3 Nd5 17. c3 Nb6 18. Nd4 (18. Be3 $5 {[%cal Re3b6]} Na4 19. Rab1 $11) 18... Na4 19. Rb1 Bc5 20. Be3 Rd5 21. a3 Kd7 22. Kf1 Rc8 23. Nf3 Bd6 24. Bd4 f6 25. Be3 e5 26. Re2 f5 (26... Bxa3 $5 27. c4 Rxc4 $15) 27. g3 h6 28. h4 Ke6 29. Rbe1 Kf6 30. Bc1 Nc5 31. Be3 e4 32. Bd4+ Kf7 33. Nd2 Ne6 34. Nb3 g5 35. hxg5 hxg5 (35... Nxg5 $17 36. Nd2 h5) 36. Kg2 (36. g4 {feels hotter.} Nf4 37. Re3 Nd3 38. R1e2 Nf4 39. Re1) 36... Nxd4 37. Nxd4 g4 38. Ra1 Bc5 39. Nb3 Bb6 40. a4 a5 41. axb5 Rxb5 42. Nd4 (42. Ra3 $15) 42... Bxd4 $1 $17 43. cxd4 {[%mdl 4096] Endgame KRR-KRR} Ke6 44. Rd2 Rd8 45. Rc1 (45. Ra4 $11) 45... Rd6 46. Kf1 Rdb6 47. Rcc2 ({Better is} 47. Ra1 $1 $15) 47... Kd6 $1 $19 48. Ke2 a4 (48... Rb3 $142 49. Rc5 R6b5 50. Rxb5 Rxb5) 49. Ke3 $17 Rb3+ $1 50. Kf4 {[#]} Rf3+ $1 51. Kg5 {[#]} Rc6 ({Black should try} 51... Rb8 $1 $17 {[%cal Rb8g8]} 52. d5 Ke5) 52. Rxc6+ $11 Kxc6 {KR-KR} 53. d5+ $1 Kd6 54. Rd4 $2 {[%mdl 8192]} (54. Kf6 $11) 54... Rxf2 $19 {Black is clearly winning.} 55. Rxa4 e3 {[%cal Be4e3,Be3e2][%mdl 32]} 56. Ra8 e2 57. Re8 f4 {[%cal Bf5f4,Bf4f3][%mdl 32]} 58. Kxg4 f3 {Precision: White = 45%, Black = 61%.} 0-1

[Event "Las Vegas Festival 2017"]
[Site "Las Vegas"]
[Date "2017.06.16"]
[Round "2"]
[White "Yanayt, Eugene"]
[Black "Gurevich, Dmitry"]
[Result "0-1"]
[WhiteElo "2182"]
[BlackElo "2454"]
[Annotator "TA"]
[PlyCount "39"]
[EventDate "2017.??.??"]
[EventType "swiss"]
[EventCountry "USA"]
[SourceTitle "playchess.com"]
[Source "ChessBase"]
[SourceQuality "1"]

{[%evp 19,39,0,7,-58,-28,-118,-133,-272,-274,-347,-345,-540,-537,-527,-527,-525,-518,-515,-507,-593,-489,-1182]} 1. e4 c5 2. Nf3 d6 3. d4 cxd4 4. Nxd4 Nf6 5. Nc3 Nc6 6. Bg5 g6 7. Bxf6 exf6 8. Be2 {B60: Sicilian: Richter-Rauzer: Unusual Black 6th moves and 6...Bd7 without 7 Qd2} (8. Bb5 Bd7 9. Qd3 Bg7 10. O-O-O O-O 11. Nxc6 Bxc6 12. Bc4 f5 13. exf5 Qg5+ 14. Kb1 Qxf5 15. Qxf5 gxf5 {½-½ (47) Shankland,S (2679)-Perelshteyn,E (2489) Atlantic City 2016}) 8... Bg7 9. Ndb5 O-O 10. Qxd6 f5 {LiveBook: 3 Games} 11. Qa3 $146 (11. O-O-O $11) ({Predecessor:} 11. O-O-O Qa5 12. Qg3 fxe4 13. Bc4 a6 14. Nd6 Be5 15. Qe3 Bxd6 16. Rxd6 Qb4 17. Nxe4 Qxc4 18. Nf6+ Kg7 19. Nh5+ gxh5 20. Qg5+ Kh8 21. Qf6+ Kg8 22. Qg5+ {½-½ (22) Pruijssers,R (2529)-Fedorovsky,M (2385) Germany 2014}) 11... fxe4 12. Nxe4 (12. O-O $1 $11 {remains equal.}) 12... Bf5 $17 13. Ned6 (13. Ng3 $17 Bxc2 14. O-O) 13... a6 $19 14. Nc3 {[#]} Nd4 $1 {[%cal Rd4c2]} ({Not} 14... Bxc2 15. O-O $17) 15. O-O-O (15. O-O {is a better defense.} Nxc2 16. Qc5) 15... Bh6+ {Black is clearly winning.} 16. Kb1 Bxc2+ 17. Ka1 Bxd1 18. Bxd1 Qg5 {[#] ...Qc1+ is the strong threat.} 19. Ne2 Qxg2 20. Ng3 (20. Rg1 $142 Qxf2 21. Ne4 Qxh2 22. Qd6 Qxd6 23. Nxd6) 0-1

[Event "Las Vegas Festival 2017"]
[Site "Las Vegas"]
[Date "2017.06.16"]
[Round "2"]
[White "Feinstein, Michael"]
[Black "De Firmian, Nick E"]
[Result "0-1"]
[WhiteElo "2139"]
[BlackElo "2492"]
[Annotator "TA"]
[PlyCount "119"]
[EventDate "2017.??.??"]
[EventType "swiss"]
[EventCountry "USA"]
[SourceTitle "playchess.com"]
[Source "ChessBase"]
[SourceQuality "1"]

{[%evp 21,119,0,0,0,0,-29,-5,-10,0,0,0,0,-6,-14,-17,-13,-3,-9,-7,-18,0,0,12,8,10,12,12,10,26,16,9,0,0,-45,-27,-53,-46,-81,-87,-108,-56,-41,-54,-66,-63,-70,-34,-150,-25,-25,-31,-25,-25,-25,-24,-29,-2,-6,-8,-156,-161,-206,-83,-82,-95,-79,-80,-76,-1,-3,0,-179,0,-29,0,-18,-18,-26,-35,-538,-531,-524,-506,-1325,-1228,-1676,-1631,-12840,-12840,-12841,-12841,-12841,-12842,-12842,-12843,-12843,-12843,-12847,-12846,-29994]} 1. d4 Nf6 2. Nf3 e6 3. e3 b6 4. Bd3 Bb7 5. Nbd2 c5 6. O-O Be7 7. c3 O-O 8. e4 cxd4 9. cxd4 Ba6 {A47: 1 d4 Nf6 2 Nf3 b6: Torre, London and Colle Systems} 10. Bxa6 Nxa6 11. e5 Nd5 {LiveBook: 15 Games. The position is equal.} 12. Qe2 $146 ({Predecessor:} 12. Ne4 Nac7 13. Bd2 f5 14. exf6 {½-½ (13) Howell,D (2684)-Demchenko,A (2629) Minsk 2017}) 12... Nab4 13. a3 Nc6 14. Ne4 Rc8 15. Bd2 h6 16. Rfd1 d6 17. Nc3 Nxc3 18. Bxc3 d5 19. h3 Qd7 20. Rd3 b5 21. Nh2 a5 22. Bd2 f5 23. exf6 Bxf6 24. Nf3 Rfe8 25. Bf4 a4 26. Qd2 Qa7 27. Bd6 Na5 28. Bc5 Qa6 29. Rd1 Nc4 30. Qc2 {[#]} Rxc5 $1 {[%mdl 512]} 31. dxc5 $15 Nxb2 32. Rb1 Nxd3 33. Qxd3 Rb8 34. Nd4 {[#]} (34. Nh2 $15) 34... Bxd4 (34... Qc8 $1 $17 {Hoping for ...e5.} 35. Qc3 e5) 35. Qxd4 $17 {[%mdl 4096] Endgame KQR-KQR} Qc6 36. Rc1 Rc8 37. Qe5 Rd8 38. Qd4 {[#]} e5 $1 {[%mdl 512]} 39. Qxe5 d4 40. Kf1 (40. Qe1 $11) 40... d3 41. Qe3 {[#]} d2 (41... Qd5 $1 $19 {Strongly threatening ...d2.} 42. f3 d2) 42. Rd1 Qd5 {aiming for ...Qc4+.} 43. f3 Qc4+ 44. Kf2 Qc2 (44... Kh8 $17) 45. Qe7 $11 Rd4 (45... Rf8 $5 {[%cal Rc2d1]} 46. Qe6+ Kh8 $11) 46. Ke2 $2 (46. Qe5 $11 {and White stays safe.}) 46... Qd3+ (46... b4 $19 47. axb4 a3) 47. Kf2 Qxa3 {Threatens to win with ...Qd3.} 48. Qe8+ Kh7 49. Qxb5 Qc1 $36 {[%mdl 2048] Black has good play.} (49... Qa2 $5 50. c6 $8 Qc2 $15) 50. Ke2 $2 {[%mdl 8192]} ({White must play} 50. c6 $1 $15) 50... a3 $19 {Black is clearly winning.} 51. c6 Qc2 52. c7 (52. Qa5 $142 a2 53. c7) 52... Qxc7 53. Qb1+ Kh8 54. Rxd2 Qe7+ 55. Kd1 Rxd2+ 56. Kxd2 Qg5+ 57. Kc3 Qxg2 58. Qb8+ Kh7 59. Qb7 a2 60. Kd4 {Precision: White = 32%, Black = 54%.} 0-1

[Event "Las Vegas Festival 2017"]
[Site "Las Vegas"]
[Date "2017.06.16"]
[Round "2"]
[White "Wang, Xiexin"]
[Black "Abdumalik, Zhansaya"]
[Result "1/2-1/2"]
[WhiteElo "2000"]
[BlackElo "2397"]
[Annotator "TA"]
[PlyCount "95"]
[EventDate "2017.??.??"]
[EventType "swiss"]
[EventCountry "USA"]
[SourceTitle "playchess.com"]
[Source "ChessBase"]
[SourceQuality "1"]

{[%evp 9,95,31,33,33,39,35,64,69,79,70,89,96,99,64,72,69,72,76,160,18,0,-49,31,27,31,24,27,31,27,23,37,8,33,10,35,17,31,9,49,42,84,77,127,127,140,127,138,64,72,35,83,0,-7,0,0,-28,0,0,0,-15,0,0,0,0,0,-7,0,-100,-101,-120,-106,-106,-93,-92,-90,-194,-206,-268,-242,-320,-47,-266,-95,-61,-35,-23,0,0]} 1. c4 c5 2. Nc3 Nc6 3. g3 e5 4. Bg2 Nf6 5. e3 d6 6. Nge2 {A36: Symmetrical English vs ...g6: 4 Bg2 Bg7} Be6 7. Nd5 Bxd5 (7... Be7 8. O-O O-O 9. Nec3 Nb4 10. Nxe7+ Qxe7 11. d3 d5 12. a3 dxc4 13. axb4 cxb4 {1-0 (40) Kramnik,V (2795)-Polgar,J (2705) London 2012}) 8. cxd5 {White is slightly better.} Nb4 9. Qb3 Qa5 10. O-O Rc8 11. d3 $146 {a3 is the strong threat.} ({Predecessor:} 11. a3 Qa6 12. f4 Nd3 13. fxe5 Nxe5 {0-1 (46) Suarez,M (1963)-Mateus,M (2155) Pereira 2011}) 11... Qa6 $1 12. Rd1 $1 {And now a3 would win.} e4 $1 {[%cal Rb4d3]} 13. Nf4 g5 (13... Nxd3 $142 14. Nxd3 exd3) 14. Nh3 (14. dxe4 $16 gxf4 15. exf4) 14... exd3 $11 15. Nxg5 Bg7 (15... Rg8 $1 $15 16. h4 h6) 16. Rb1 $1 $14 h6 17. Nh3 {[%cal Bg5h3,Bh3f4,Bf4g2,Bg2h4][%mdl 32]} Qxa2 18. Qxa2 Nxa2 19. Rxd3 a5 20. Bd2 (20. Ra3 $5 {[%cal Ra3a2]} Nxc1 21. Rxc1 $14) 20... b6 21. Nf4 O-O 22. Ra3 Nb4 23. Bc3 Rfe8 24. Rd1 Re7 25. Bf3 Na6 26. Ng2 Ne8 27. Nh4 {Hoping for Nf5.} Bxc3 28. Rxc3 ({Better is} 28. bxc3 $16 {Strongly threatening Nf5.} Ng7 29. Rb1) 28... Ng7 29. Be2 Nc7 30. g4 (30. Rb3 $16) 30... b5 $11 31. Ra3 a4 32. Ng2 Ra8 33. f3 f5 34. h3 Kf7 35. Kf2 c4 36. gxf5 Nxf5 37. e4 Rg8 38. Ne3 (38. Bf1 $11 {remains equal.} Ng3 39. Ne3) 38... Nxe3 $17 39. Rxe3 Na6 40. f4 Nc5 41. e5 Ke8 42. e6 (42. Rf1 $17) 42... Reg7 $19 43. Bf1 Ke7 44. Rde1 {[#]} b4 $2 (44... Rf8 $1 $19 45. Rf3 Rf5) 45. f5 $2 {[#]} ({White has to play} 45. Bxc4 $15 Rg2+ 46. Kf1) 45... Rf8 $2 (45... c3 $1 $19 {[%cal Rc3b2] has better winning chances.} 46. bxc3 b3 47. f6+ Kxf6) 46. Bxc4 $17 Rxf5+ 47. Rf3 Rxf3+ 48. Kxf3 {Precision: White = 39%, Black = 40%.} 1/2-1/2